000 00846nam a2200253Ia 4500
003 OSt
005 20221005112846.0
006 a|||||r|||| 00| 0
007 ta
008 221004b |||||||| |||| 00| 0 pan d
020 _c250
024 _a95607
037 _b213, 31/12/2008, H.K. Prakashan
_cTextual
040 _aCRL
_cCRL
_bpan
041 _2pan
_apan
082 _aO153,1NHU1x, P8
100 _aਹੁੰਦਲ, ਹਰਭਜਨ ਸਿੰਘ
245 0 _aਮੇਰੇ ਬੋਲ 2000ੑ2007
260 _aਦਿੱਲੀ
_bਐਚ ਕੇ ਪ੍ਰਕਾਨ ਭਾਰਤ
_c2008
300 _a183ਪੰ
_ccm.
650 _aਪੰਜਾਬੀ ਸਾਹਿਤ
942 _hO153,1NHU1x, P8
_cTEXL
_2cc
999 _c1026211
_d1026211